000 00506nam a2200157 i 4500
001 70990
003 ES-MaACL
007 t|
008 040804s1921 sp ||||1| spa d
100 1 _aGascón y Marín, José.
_955866
245 1 0 _aTratado elemental de Derecho Administrativo
_b: principios y legislación española /
_cpor José Gascón y Marín.
250 _a2ª ed.
260 _aMadrid :
_b[s.n.,
_c1921] (
_fImp. Clásica Española)
300 _a2 v. ;
_c24 cm.
852 _aES-MaACL
_jB-5420-5421
999 _c70990
_d70990